000 01019nam a2200253 a 4500
001 BRCA_3712
005 20190320204408.0
008 930716s2009----mx-a#####b---s000-0#spa-#
020 _a9786077727026
041 _aspa
044 _amx
050 4 _aF1211.M4
_b.R38 2009
100 1 _aRatzel, Friedrich
_d1844-1904
_99662
245 1 0 _aDesde México
_bapuntes de viaje de los años 1874-1875
_cFriedrich Ratzel ; traducción de Lucía Luna.
260 _aMéxico
_bHerder
_c2009
300 _a452 p.
_bil., 1 mapa
_c22 cm.
_eFacsímil del mapa del libro original, 41 x 45 cm.
500 _aTraducción de: Aus Mexico. Reiseskizzen aus den Jahren 1874 und 1875
500 _aTomada de la reimpresión del original de 1878 (Breslau, J.U. Kern´s Verlag (Max Müller)
504 _aIncluye referencias bibliográficas sobre Ratzel: p. 33-34
650 1 4 _aViajes y viajeros
_xHistoria
_zMéxico
_92991
651 4 _aMéxico
_xDescripción y viajes
_y1874-1875
_99663
700 1 _aLuna, Lucía
_etr
_99664
942 _2lcc
_cB
999 _c3442
_d3442